000 03162cam a2201237 4500
001 PE-LiUPU
003 PE-LiUPU
005 20250813185708.0
008 040112s2003 sp | ||| ||spa
016 7 _abimoBNE20040012889
_2SpMaBN
017 _aC 2023-2003
_bOficina Depósito Legal Coruña
020 _a9722484022668
035 _a(OCoLC)433402622
040 _aPE-LiUPU
_bspa
_cPE-LiUPU
_erda
080 _a658.011.8
082 _223
_a300.658
_bR487d
100 1 _aRica Pérez, Enrique de la
_0XX1486865
_eautor
245 1 0 _aDe la empresa jurásica a la e-mpresa e-volucionada :
_bUn nuevo modelo organizacional nacido de Internet y la gestión del conocimiento /
_cEnrique de la Rica, Ángel L. Arboníes
250 _aPrimera edición
264 _a[Vigo]
_bEscuela de Negocios Caixanova ;
_c2003
300 _a347 páginas ;
_bilustrado :
_c24 centímetros.
500 _aEn el lomo: 5
504 _aBibliografía: páginas 325-330. Índices.
505 _aHubo una época en la que no había Internet -- Hacia un nuevo paradigma organizativo -- Los cincos tipos de empresa como especie evolutiva -- Conclusiones
526 _aP202
526 _aP201
526 _aP163
526 _aP162
526 _aP161
526 _aP160
526 _aP148
526 _aP147
526 _aP146
526 _aP145
526 _aP144
526 _aP143
526 _aP142
526 _aP141
526 _aP140
526 _aP139
526 _aP138
526 _aP137
526 _aP136
526 _aP135
526 _aP134
526 _aP133
526 _aP129
526 _aP128
526 _aP127
526 _aP120
526 _aP119
526 _aP118
526 _aP116
526 _aP115
526 _aP114
526 _aP110
526 _aP109
526 _aP108
526 _aP104
526 _aP103
526 _aP102
526 _aP99
526 _aP98
526 _aP97
526 _aP96
526 _aP95
526 _aP93
526 _aP90
526 _aP89
526 _aP88
526 _aP83
526 _aP82
526 _aP62
526 _aP59
526 _aP58
526 _aP57
526 _aP51
526 _aP49
526 _aP48
526 _aP47
526 _aP29
526 _aP24
526 _aP20
526 _aP19
526 _aP17
526 _aP15
526 _aP14
526 _aP12
526 _aP10
526 _aP09
526 _aP08
526 _aP07
526 _aP06
526 _aP05
526 _aP04
526 _aP01
650 7 _aInnovaciones tecnológicas
650 0 _aEvolución empresarial
_93970
650 0 _aAdaptación al cambio
_93972
700 1 _aArboníes, Ángel L.
_eautor
942 _2ddc
_cBK
_n0
956 _a2
980 _aChristian Lazo Analista Documental
_a84-8408-266-0
_aSpMaBN
_bBNALCALA
_j12/211376
_cSG_PETANTI
_618228
_81
_gALBERTO SANCHEZ Responsable de Automatización
980 _aC 2023-2003
_a84-8408-266-0
_aSpMaBN
_bBNALCALA
_cSG_PETANTI
_jAHMO/47258
980 _aC 2023-2003
_a84-8408-266-0
_aSpMaBN
_bBNALCALA
_jDL/1262322
_cCONSERVACI
999 _c62383
_d62382